[Event "DVM U10 2017"]
[Site "Magdeburg GER"]
[Date "2017.12.28"]
[Round "4"]
[White "Monninkhoff, Yari"]
[Black "Kiefhaber, Tobias"]
[Result "0-1"]
[Termination "normal"]
[Board "2.3"]
[WhiteElo "1207"]
[BlackElo "1370"]
[WhiteClock "00:26:04"]
[BlackClock "00:40:30"]
[WhiteTeam "SV Empor Berlin 1"]
[BlackTeam "Karlsruher SF 1"]
[PlyCount "86"]
[WhiteFideId "16236149"]
[BlackFideId "16240693"]
[EventCountry "GER"]
[EventRounds "7"]
[EventType "team-swiss"]
[EventDate "2017.12.27"]

1. e4 {[%clk 0:59:56]} c6 {[%clk 0:59:56]} 2. d4 {[%clk 0:59:44]} d5 {[%clk
0:59:46]} 3. exd5 {[%clk 0:59:19]} cxd5 {[%clk 0:59:32]} 4. Bd3 {[%clk
0:59:06]} Nc6 {[%clk 0:59:16]} 5. c3 {[%clk 0:58:49]} e5 {[%clk 0:58:54]} 6.
dxe5 {[%clk 0:57:18]} Nxe5 {[%clk 0:58:45]} 7. Nf3 {[%clk 0:56:40]} Bg4 {[%clk
0:58:28]} 8. Bb5+ {[%clk 0:55:37]} Nc6 {[%clk 0:57:59]} 9. Bf4 {[%clk 0:55:00]}
Nf6 {[%clk 0:57:27]} 10. O-O {[%clk 0:54:00]} Bc5 {[%clk 0:57:18]} 11. Nbd2
{[%clk 0:52:58]} O-O {[%clk 0:56:57]} 12. Qc2 {[%clk 0:52:28]} Re8 {[%clk
0:56:02]} 13. Rfe1 {[%clk 0:51:30]} Qb6 {[%clk 0:54:52]} 14. Bxc6 {[%clk
0:51:03]} Rxe1+ {[%clk 0:54:43]} 15. Nxe1 {[%clk 0:49:09]} Bxf2+ {[%clk
0:54:27]} 16. Kh1 {[%clk 0:47:53]} bxc6 {[%clk 0:54:01]} 17. Nef3 {[%clk
0:46:53]} Re8 {[%clk 0:52:21]} 18. Rf1 {[%clk 0:45:43]} Re2 {[%clk 0:51:19]}
19. Qd1 {[%clk 0:44:32]} Re8 {[%clk 0:50:28]} 20. Qc2 {[%clk 0:44:10]} Re2
{[%clk 0:49:32]} 21. Qd1 {[%clk 0:43:22]} Qa6 {[%clk 0:48:55]} 22. Bg3 {[%clk
0:41:02]} Rxd2 {[%clk 0:47:28]} 23. Qc1 {[%clk 0:38:58]} Bxf3 {[%clk 0:45:35]}
24. gxf3 {[%clk 0:38:24]} Bxg3 {[%clk 0:45:05]} 25. hxg3 {[%clk 0:37:55]} Qe2
{[%clk 0:44:56]} 26. Qxd2 {[%clk 0:36:41]} Qxd2 {[%clk 0:44:49]} 27. g4 h6
{[%clk 0:44:30]} 28. f4 {[%clk 0:35:05]} Qxb2 {[%clk 0:44:19]} 29. Rg1 {[%clk
0:34:04]} Qxc3 {[%clk 0:43:06]} 30. Kh2 {[%clk 0:33:49]} Qc2+ {[%clk 0:42:57]}
31. Rg2 {[%clk 0:33:43]} Nxg4+ {[%clk 0:42:41]} 32. Kh3 {[%clk 0:33:14]} Nf2+
{[%clk 0:42:32]} 33. Kh2 {[%clk 0:32:59]} Qxa2 {[%clk 0:42:16]} 34. Kg3 {[%clk
0:31:04]} Ne4+ {[%clk 0:42:08]} 35. Kh2 {[%clk 0:30:52]} Qc4 {[%clk 0:42:01]}
36. f5 {[%clk 0:30:11]} d4 {[%clk 0:41:54]} 37. f6 {[%clk 0:30:08]} g5 {[%clk
0:41:49]} 38. Kh1 {[%clk 0:29:32]} d3 {[%clk 0:41:26]} 39. Rh2 {[%clk 0:28:51]}
Qc1+ {[%clk 0:41:19]} 40. Kg2 {[%clk 0:28:29]} d2 {[%clk 0:41:14]} 41. Rxh6
{[%clk 0:28:02]} d1=Q {[%clk 0:40:58]} 42. Rh5 {[%clk 0:26:21]} Qe2+ {[%clk
0:40:34]} 43. Kh3 {[%clk 0:26:04]} Qh1# {[%clk 0:40:30]} 0-1

[Event "DVM U10 2017"]
[Site "Magdeburg GER"]
[Date "2017.12.28"]
[Round "4"]
[White "Fischer, Darja"]
[Black "Pauls, Benjamin"]
[Result "1-0"]
[Termination "normal"]
[Board "2.4"]
[WhiteElo "1182"]
[BlackElo "974"]
[WhiteClock "00:43:46"]
[BlackClock "00:32:51"]
[WhiteTeam "Karlsruher SF 1"]
[BlackTeam "SV Empor Berlin 1"]
[PlyCount "62"]
[WhiteFideId "16240898"]
[EventCountry "GER"]
[EventRounds "7"]
[EventType "team-swiss"]
[EventDate "2017.12.27"]

1. e4 {[%clk 0:59:59]} e5 {[%clk 0:59:55]} 2. Nf3 {[%clk 0:59:54]} Nc6 {[%clk
0:59:48]} 3. Nc3 {[%clk 0:59:42]} Nf6 {[%clk 0:59:41]} 4. Bb5 {[%clk 0:59:32]}
a6 {[%clk 0:59:34]} 5. Bxc6 {[%clk 0:59:10]} dxc6 {[%clk 0:59:22]} 6. Nxe5
{[%clk 0:58:55]} Bc5 {[%clk 0:58:07]} 7. O-O {[%clk 0:57:59]} O-O {[%clk
0:57:49]} 8. Re1 {[%clk 0:55:28]} Bg4 {[%clk 0:56:54]} 9. Nxg4 {[%clk 0:55:02]}
Nxg4 {[%clk 0:56:17]} 10. Qxg4 {[%clk 0:54:55]} Qd4 {[%clk 0:55:33]} 11. Qf3
{[%clk 0:54:24]} Rae8 {[%clk 0:52:53]} 12. d3 {[%clk 0:53:12]} f5 {[%clk
0:52:29]} 13. Be3 {[%clk 0:52:51]} Qe5 {[%clk 0:51:26]} 14. exf5 {[%clk
0:50:07]} Rxf5 {[%clk 0:48:59]} 15. Qe4 {[%clk 0:49:46]} Qxe4 {[%clk 0:48:19]}
16. dxe4 {[%clk 0:49:37]} Rfe5 {[%clk 0:45:51]} 17. Bxc5 {[%clk 0:48:46]} Rxc5
{[%clk 0:45:28]} 18. Rad1 {[%clk 0:48:28]} Rce5 {[%clk 0:42:06]} 19. Rd7 {[%clk
0:48:05]} b5 {[%clk 0:41:10]} 20. f3 {[%clk 0:47:04]} R5e7 {[%clk 0:40:46]} 21.
Red1 {[%clk 0:46:29]} Kf7 {[%clk 0:37:42]} 22. Rd8 {[%clk 0:45:55]} Ke6 {[%clk
0:36:45]} 23. Kf2 {[%clk 0:45:20]} Rxd8 {[%clk 0:34:48]} 24. Rxd8 {[%clk
0:45:14]} Rd7 {[%clk 0:34:27]} 25. Rxd7 {[%clk 0:45:03]} Kxd7 {[%clk 0:34:18]}
26. Ke3 {[%clk 0:44:59]} Ke6 {[%clk 0:34:12]} 27. Kd4 {[%clk 0:44:50]} Kd6
{[%clk 0:33:55]} 28. e5+ {[%clk 0:44:12]} Ke6 {[%clk 0:33:30]} 29. Ne4 {[%clk
0:44:00]} h6 {[%clk 0:33:01]} 30. Nc5+ {[%clk 0:43:53]} Ke7 {[%clk 0:32:51]}
31. Nxa6 {[%clk 0:43:46]} Ke8 1-0

[Event "DVM U10 2017"]
[Site "Magdeburg GER"]
[Date "2017.12.28"]
[Round "4"]
[White "Zhou, Lepu Coco"]
[Black "Bongardt, Livius"]
[Result "1-0"]
[Termination "normal"]
[Board "3.1"]
[WhiteElo "1559"]
[BlackElo "1113"]
[WhiteClock "00:21:19"]
[BlackClock "00:22:33"]
[WhiteTeam "Schachpinguine Berlin 1"]
[BlackTeam "TSG Oberschöneweide 1"]
[PlyCount "67"]
[WhiteFideId "16217136"]
[BlackFideId "16265718"]
[EventCountry "GER"]
[EventRounds "7"]
[EventType "team-swiss"]
[EventDate "2017.12.27"]

1. e4 {[%clk 0:59:58]} e5 {[%clk 0:59:54]} 2. Nf3 {[%clk 0:59:55]} Nc6 {[%clk
0:59:48]} 3. Bb5 {[%clk 0:59:51]} d6 {[%clk 0:59:27]} 4. c3 {[%clk 0:59:43]}
Bd7 {[%clk 0:59:11]} 5. O-O {[%clk 0:59:22]} Nf6 {[%clk 0:59:04]} 6. d4 {[%clk
0:58:54]} exd4 {[%clk 0:57:43]} 7. cxd4 {[%clk 0:58:46]} a6 {[%clk 0:56:54]} 8.
Ba4 {[%clk 0:58:39]} b5 {[%clk 0:56:14]} 9. Bc2 {[%clk 0:58:25]} Bg4 {[%clk
0:55:41]} 10. Be3 {[%clk 0:57:09]} Be7 {[%clk 0:55:00]} 11. Nbd2 {[%clk
0:56:47]} O-O {[%clk 0:54:26]} 12. Re1 {[%clk 0:56:19]} d5 {[%clk 0:52:26]} 13.
e5 {[%clk 0:56:01]} Nd7 {[%clk 0:52:08]} 14. Nf1 {[%clk 0:55:47]} Nb6 {[%clk
0:51:01]} 15. Qd3 {[%clk 0:55:27]} g6 {[%clk 0:50:21]} 16. a3 {[%clk 0:55:14]}
Nc4 {[%clk 0:50:04]} 17. Bh6 {[%clk 0:54:56]} Re8 {[%clk 0:49:47]} 18. b3
{[%clk 0:54:21]} Nb6 {[%clk 0:49:20]} 19. Ne3 {[%clk 0:48:46]} Bxf3 {[%clk
0:48:50]} 20. gxf3 {[%clk 0:48:12]} Bg5 {[%clk 0:48:26]} 21. Ng4 {[%clk
0:46:46]} Re6 {[%clk 0:48:00]} 22. f4 {[%clk 0:45:59]} Bxh6 {[%clk 0:47:21]}
23. Nxh6+ {[%clk 0:45:54]} Kg7 {[%clk 0:46:49]} 24. Qe3 {[%clk 0:37:10]} Ne7
{[%clk 0:45:26]} 25. f5 {[%clk 0:35:52]} gxf5 {[%clk 0:44:12]} 26. Nxf5+ {[%clk
0:34:57]} Nxf5 27. Bxf5 {[%clk 0:33:29]} Rh6 {[%clk 0:42:41]} 28. Qg3+ {[%clk
0:32:58]} Kh8 {[%clk 0:42:06]} 29. Kh1 {[%clk 0:28:41]} Qe7 {[%clk 0:41:29]}
30. Rg1 {[%clk 0:25:19]} f6 {[%clk 0:38:02]} 31. Rae1 {[%clk 0:24:24]} Rh5
{[%clk 0:25:52]} 32. exf6 {[%clk 0:23:36]} Qxf6 {[%clk 0:25:11]} 33. Re6 {[%clk
0:21:36]} Qf8 {[%clk 0:22:33]} 34. Qe5+ {[%clk 0:21:19]} 1-0

[Event "DVM U10 2017"]
[Site "Magdeburg GER"]
[Date "2017.12.28"]
[Round "4"]
[White "Mirnaya, Veronika"]
[Black "Jouani, Zakharia"]
[Result "1-0"]
[Termination "normal"]
[Board "3.2"]
[WhiteElo "1062"]
[BlackElo "1231"]
[WhiteClock "00:05:34"]
[BlackClock "00:02:09"]
[WhiteTeam "TSG Oberschöneweide 1"]
[BlackTeam "Schachpinguine Berlin 1"]
[PlyCount "161"]
[WhiteFideId "16277406"]
[BlackFideId "16206746"]
[EventCountry "GER"]
[EventRounds "7"]
[EventType "team-swiss"]
[EventDate "2017.12.27"]

1. e4 {[%clk 0:59:59]} e5 {[%clk 0:59:55]} 2. Nf3 {[%clk 0:59:56]} Nc6 {[%clk
0:59:49]} 3. Bc4 {[%clk 0:59:49]} Nf6 {[%clk 0:59:44]} 4. d4 {[%clk 0:59:44]}
exd4 {[%clk 0:59:37]} 5. O-O {[%clk 0:59:30]} d6 {[%clk 0:57:46]} 6. Nxd4
{[%clk 0:56:12]} Bd7 {[%clk 0:57:26]} 7. Nc3 {[%clk 0:52:42]} Be7 {[%clk
0:56:25]} 8. Re1 {[%clk 0:49:46]} O-O {[%clk 0:54:21]} 9. Be3 {[%clk 0:48:52]}
Be6 {[%clk 0:49:41]} 10. Bb3 {[%clk 0:48:17]} Bxb3 {[%clk 0:49:30]} 11. axb3
{[%clk 0:47:38]} Ne5 {[%clk 0:45:22]} 12. Qe2 {[%clk 0:46:02]} c5 {[%clk
0:44:05]} 13. Nf5 {[%clk 0:45:45]} a6 {[%clk 0:41:29]} 14. Red1 {[%clk
0:45:35]} b5 {[%clk 0:40:48]} 15. Rd2 {[%clk 0:44:34]} b4 {[%clk 0:40:36]} 16.
Nd5 {[%clk 0:44:26]} Re8 {[%clk 0:40:01]} 17. Ndxe7+ {[%clk 0:43:20]} Rxe7
{[%clk 0:39:47]} 18. Nxd6 {[%clk 0:42:21]} Rd7 {[%clk 0:38:49]} 19. Bxc5 {[%clk
0:41:35]} Rc8 {[%clk 0:38:18]} 20. Bxb4 {[%clk 0:40:12]} Rc6 {[%clk 0:36:27]}
21. Rxa6 {[%clk 0:38:25]} Ne8 {[%clk 0:34:09]} 22. Rxc6 {[%clk 0:35:22]} Nxc6
{[%clk 0:34:00]} 23. Nxe8 Nxb4 {[%clk 0:32:29]} 24. Rxd7 {[%clk 0:29:04]} Qxd7
{[%clk 0:32:01]} 25. c3 {[%clk 0:28:32]} Nc6 {[%clk 0:31:39]} 26. h3 {[%clk
0:27:35]} Qxe8 {[%clk 0:31:23]} 27. b4 {[%clk 0:26:47]} Na7 {[%clk 0:30:47]}
28. c4 {[%clk 0:26:24]} Qe7 {[%clk 0:29:17]} 29. b5 {[%clk 0:26:03]} Qc5 {[%clk
0:29:07]} 30. Qd3 {[%clk 0:24:38]} h6 {[%clk 0:28:27]} 31. b3 {[%clk 0:23:53]}
Nc8 {[%clk 0:27:20]} 32. e5 {[%clk 0:22:29]} Nb6 {[%clk 0:26:08]} 33. b4 {[%clk
0:21:14]} Qc7 {[%clk 0:25:12]} 34. c5 {[%clk 0:20:35]} Qd7 {[%clk 0:24:40]} 35.
Qxd7 {[%clk 0:19:59]} Nxd7 {[%clk 0:24:35]} 36. c6 {[%clk 0:19:37]} Nb6 {[%clk
0:24:31]} 37. Kf1 {[%clk 0:19:24]} Kf8 {[%clk 0:24:22]} 38. Ke2 {[%clk
0:19:19]} Ke7 {[%clk 0:24:14]} 39. Kd3 {[%clk 0:19:04]} Ke6 {[%clk 0:23:47]}
40. Kd4 {[%clk 0:18:52]} Ke7 {[%clk 0:23:12]} 41. Kc5 {[%clk 0:18:41]} Na4+
{[%clk 0:22:07]} 42. Kd5 {[%clk 0:18:23]} Nc3+ {[%clk 0:19:27]} 43. Kc4 {[%clk
0:18:04]} Na4 {[%clk 0:18:45]} 44. b6 {[%clk 0:15:46]} Nxb6+ {[%clk 0:18:31]}
45. Kb5 {[%clk 0:15:42]} Nd5 {[%clk 0:18:05]} 46. Ka6 {[%clk 0:14:54]} Kd8
{[%clk 0:17:44]} 47. Kb7 {[%clk 0:14:05]} Nc7 {[%clk 0:14:41]} 48. Kb6 {[%clk
0:13:14]} Kc8 {[%clk 0:14:00]} 49. b5 {[%clk 0:12:36]} Ne6 {[%clk 0:10:37]} 50.
Ka7 {[%clk 0:11:48]} Nd8 {[%clk 0:09:07]} 51. Kb6 {[%clk 0:10:43]} Ne6 {[%clk
0:07:49]} 52. g3 {[%clk 0:10:32]} g6 {[%clk 0:05:10]} 53. f4 {[%clk 0:10:25]}
Nd4 {[%clk 0:04:13]} 54. g4 {[%clk 0:10:10]} Ne2 {[%clk 0:03:56]} 55. Ka7
{[%clk 0:09:41]} Nxf4 {[%clk 0:03:54]} 56. b6 {[%clk 0:09:30]} Ne6 {[%clk
0:03:52]} 57. b7+ {[%clk 0:09:19]} Kc7 {[%clk 0:03:47]} 58. b8=Q+ {[%clk
0:09:14]} Kxc6 {[%clk 0:03:46]} 59. Qe8+ {[%clk 0:08:57]} Kd5 {[%clk 0:03:45]}
60. Qxf7 {[%clk 0:08:38]} Kxe5 {[%clk 0:03:44]} 61. Qxg6 {[%clk 0:08:20]} Nf4
{[%clk 0:03:43]} 62. Qf5+ {[%clk 0:08:13]} Kd6 {[%clk 0:03:34]} 63. Qxf4+ Ke7
64. Kb6 {[%clk 0:08:06]} Ke6 {[%clk 0:03:29]} 65. Kc5 {[%clk 0:08:04]} h5
{[%clk 0:03:28]} 66. Kd4 {[%clk 0:08:00]} hxg4 {[%clk 0:03:08]} 67. hxg4 {[%clk
0:07:51]} Ke7 {[%clk 0:03:04]} 68. Ke3 {[%clk 0:07:39]} Ke6 {[%clk 0:03:00]}
69. Kf3 {[%clk 0:07:32]} Kd5 {[%clk 0:02:52]} 70. Qe3 {[%clk 0:07:24]} Kc4
{[%clk 0:02:48]} 71. Qd2 {[%clk 0:07:10]} Kc5 {[%clk 0:02:45]} 72. Qd3 {[%clk
0:06:52]} Kb4 {[%clk 0:02:42]} 73. Qc2 {[%clk 0:06:45]} Kb5 {[%clk 0:02:39]}
74. Qc3 {[%clk 0:06:38]} Ka4 {[%clk 0:02:31]} 75. Qb2 {[%clk 0:06:29]} Ka5
{[%clk 0:02:30]} 76. Ke4 {[%clk 0:06:16]} Ka4 {[%clk 0:02:26]} 77. Kd4 {[%clk
0:06:09]} Ka5 {[%clk 0:02:19]} 78. Kc4 {[%clk 0:06:02]} Ka6 {[%clk 0:02:14]}
79. Kc5 {[%clk 0:05:54]} Ka7 {[%clk 0:02:10]} 80. Kc6 {[%clk 0:05:48]} Ka8
{[%clk 0:02:09]} 81. Qb7# {[%clk 0:05:34]} 1-0

[Event "DVM U10 2017"]
[Site "Magdeburg GER"]
[Date "2017.12.28"]
[Round "4"]
[White "Lippmann, Niklas A."]
[Black "Rosenhain, Jonathan"]
[Result "0-1"]
[Termination "normal"]
[Board "3.4"]
[WhiteElo "600"]
[BlackElo "1199"]
[WhiteClock "00:42:38"]
[BlackClock "00:50:25"]
[WhiteTeam "TSG Oberschöneweide 1"]
[BlackTeam "Schachpinguine Berlin 1"]
[PlyCount "38"]
[WhiteFideId "34630244"]
[BlackFideId "16212169"]
[EventCountry "GER"]
[EventRounds "7"]
[EventType "team-swiss"]
[EventDate "2017.12.27"]

1. e4 {[%clk 0:59:59]} e5 {[%clk 0:59:57]} 2. Nf3 {[%clk 0:59:54]} Nc6 {[%clk
0:59:54]} 3. Bc4 {[%clk 0:59:39]} Nf6 {[%clk 0:59:43]} 4. Ng5 {[%clk 0:59:27]}
d5 {[%clk 0:59:27]} 5. exd5 {[%clk 0:59:25]} b5 {[%clk 0:59:17]} 6. Bxb5 {[%clk
0:58:31]} Qxd5 {[%clk 0:59:02]} 7. Bxc6+ {[%clk 0:57:55]} Qxc6 {[%clk 0:58:53]}
8. Qe2 {[%clk 0:56:53]} Bd6 {[%clk 0:58:23]} 9. d4 {[%clk 0:54:45]} Qxg2 {[%clk
0:56:23]} 10. Rf1 {[%clk 0:53:21]} e4 {[%clk 0:55:47]} 11. Be3 {[%clk 0:51:39]}
O-O {[%clk 0:54:08]} 12. Nd2 {[%clk 0:51:09]} Rb8 {[%clk 0:53:37]} 13. O-O-O
{[%clk 0:50:43]} Bg4 {[%clk 0:52:58]} 14. Qa6 {[%clk 0:47:07]} Bxd1 {[%clk
0:52:22]} 15. Rxd1 {[%clk 0:47:03]} h6 {[%clk 0:50:55]} 16. Ngxe4 {[%clk
0:44:35]} Nxe4 17. Nxe4 {[%clk 0:44:17]} Qxe4 {[%clk 0:50:41]} 18. Qxa7 {[%clk
0:43:45]} Ra8 {[%clk 0:50:32]} 19. Qxa8 {[%clk 0:42:38]} Rxa8 {[%clk 0:50:25]}
0-1

[Event "DVM U10 2017"]
[Site "Magdeburg GER"]
[Date "2017.12.28"]
[Round "4"]
[White "Fuhrmann, Bahne"]
[Black "Pietsch, Johann"]
[Result "0-1"]
[Termination "normal"]
[Board "4.1"]
[WhiteElo "1514"]
[BlackElo "1557"]
[WhiteClock "00:29:05"]
[BlackClock "00:18:37"]
[WhiteTeam "Hamburger SK 1"]
[BlackTeam "SV Roter Turm Halle 1"]
[PlyCount "94"]
[WhiteFideId "16244842"]
[BlackFideId "12987000"]
[EventCountry "GER"]
[EventRounds "7"]
[EventType "team-swiss"]
[EventDate "2017.12.27"]

1. e4 {[%clk 0:59:59]} e5 {[%clk 0:59:53]} 2. Nf3 {[%clk 0:59:55]} Nc6 {[%clk
0:59:47]} 3. Bc4 {[%clk 0:59:47]} Bc5 {[%clk 0:59:37]} 4. d3 {[%clk 0:59:37]}
Nf6 {[%clk 0:59:19]} 5. O-O {[%clk 0:59:30]} d6 {[%clk 0:58:45]} 6. c3 {[%clk
0:59:23]} O-O {[%clk 0:58:12]} 7. Bb3 {[%clk 0:59:19]} a6 {[%clk 0:57:49]} 8.
Re1 {[%clk 0:58:57]} Qe7 {[%clk 0:57:30]} 9. Nbd2 {[%clk 0:58:40]} Be6 {[%clk
0:57:10]} 10. Bc2 {[%clk 0:58:27]} Rad8 {[%clk 0:54:08]} 11. Nf1 {[%clk
0:57:48]} Ba7 {[%clk 0:52:50]} 12. Ng3 {[%clk 0:57:16]} Rfe8 {[%clk 0:51:43]}
13. Bg5 {[%clk 0:56:16]} h6 {[%clk 0:49:57]} 14. Be3 {[%clk 0:55:59]} Bxe3
{[%clk 0:49:36]} 15. fxe3 {[%clk 0:55:47]} d5 {[%clk 0:45:02]} 16. d4 {[%clk
0:52:16]} exd4 {[%clk 0:41:09]} 17. exd4 {[%clk 0:51:12]} dxe4 18. Bxe4 {[%clk
0:50:14]} Nxe4 {[%clk 0:39:38]} 19. Rxe4 {[%clk 0:48:37]} Qd7 {[%clk 0:38:29]}
20. Ne5 {[%clk 0:46:30]} Nxe5 {[%clk 0:38:04]} 21. Rxe5 {[%clk 0:46:21]} f6
{[%clk 0:33:58]} 22. Re1 {[%clk 0:44:59]} Qb5 {[%clk 0:31:46]} 23. Qc2 {[%clk
0:42:59]} c5 {[%clk 0:30:06]} 24. Rad1 {[%clk 0:40:27]} Bxa2 {[%clk 0:28:47]}
25. dxc5 {[%clk 0:39:48]} Rxd1 {[%clk 0:25:48]} 26. Qxd1 {[%clk 0:39:14]} Rxe1+
{[%clk 0:25:06]} 27. Qxe1 {[%clk 0:39:05]} Qxc5+ {[%clk 0:24:58]} 28. Kf1
{[%clk 0:38:11]} Bc4+ {[%clk 0:24:20]} 29. Ne2 {[%clk 0:37:50]} Qe3 {[%clk
0:23:11]} 30. Qd1 {[%clk 0:34:35]} Bxe2+ {[%clk 0:22:54]} 31. Qxe2 {[%clk
0:34:25]} Qxe2+ {[%clk 0:22:49]} 32. Kxe2 {[%clk 0:34:21]} Kf7 {[%clk 0:22:26]}
33. Kd3 {[%clk 0:34:13]} Ke6 {[%clk 0:22:20]} 34. Kd4 {[%clk 0:33:47]} Kd6
{[%clk 0:22:13]} 35. c4 {[%clk 0:33:40]} b6 {[%clk 0:21:46]} 36. b4 {[%clk
0:32:10]} a5 {[%clk 0:20:24]} 37. c5+ {[%clk 0:31:55]} bxc5+ {[%clk 0:20:10]}
38. bxc5+ {[%clk 0:31:42]} Kc6 {[%clk 0:20:01]} 39. Kc4 {[%clk 0:31:19]} a4
{[%clk 0:19:54]} 40. Kb4 {[%clk 0:30:39]} a3 {[%clk 0:19:37]} 41. Kxa3 {[%clk
0:30:32]} Kxc5 {[%clk 0:19:31]} 42. Kb3 {[%clk 0:30:20]} Kd4 {[%clk 0:19:26]}
43. Kc2 {[%clk 0:30:17]} Ke3 {[%clk 0:19:19]} 44. Kd1 {[%clk 0:30:02]} Kf2
{[%clk 0:19:13]} 45. g4 {[%clk 0:29:43]} Kg2 {[%clk 0:19:05]} 46. h4 {[%clk
0:29:35]} Kg3 {[%clk 0:19:01]} 47. g5 {[%clk 0:29:05]} Kxh4 {[%clk 0:18:37]}
0-1

[Event "DVM U10 2017"]
[Site "Magdeburg GER"]
[Date "2017.12.28"]
[Round "4"]
[White "Kageler, Anton Paul"]
[Black "Brandstrup, Luca Alexander"]
[Result "1-0"]
[Termination "normal"]
[Board "4.2"]
[WhiteElo "1395"]
[BlackElo "1149"]
[WhiteClock "00:14:24"]
[BlackClock "00:26:59"]
[WhiteTeam "SV Roter Turm Halle 1"]
[BlackTeam "Hamburger SK 1"]
[PlyCount "71"]
[WhiteFideId "16244850"]
[BlackFideId "16244990"]
[EventCountry "GER"]
[EventRounds "7"]
[EventType "team-swiss"]
[EventDate "2017.12.27"]

1. e4 {[%clk 0:59:57]} e5 {[%clk 0:59:54]} 2. Nf3 {[%clk 0:59:46]} Nc6 {[%clk
0:59:47]} 3. Bc4 {[%clk 0:59:36]} Nf6 {[%clk 0:59:41]} 4. d3 {[%clk 0:59:17]}
Bc5 {[%clk 0:59:33]} 5. c3 {[%clk 0:58:39]} O-O {[%clk 0:59:24]} 6. O-O {[%clk
0:58:16]} d5 {[%clk 0:59:20]} 7. exd5 {[%clk 0:57:23]} Nxd5 {[%clk 0:59:07]} 8.
Re1 {[%clk 0:56:16]} Bg4 {[%clk 0:58:44]} 9. Nbd2 {[%clk 0:55:23]} Nf4 {[%clk
0:58:05]} 10. Ne4 {[%clk 0:54:13]} Bb6 {[%clk 0:57:12]} 11. Bxf4 {[%clk
0:53:14]} exf4 {[%clk 0:57:01]} 12. h3 {[%clk 0:47:48]} Bh5 {[%clk 0:56:10]}
13. d4 {[%clk 0:44:09]} Kh8 {[%clk 0:55:14]} 14. Bd3 {[%clk 0:42:22]} f5 {[%clk
0:54:08]} 15. Ned2 {[%clk 0:41:58]} Qd5 {[%clk 0:49:24]} 16. Qc2 {[%clk
0:40:08]} Rf6 {[%clk 0:48:21]} 17. Bc4 {[%clk 0:35:08]} Qd6 {[%clk 0:47:29]}
18. Re2 {[%clk 0:32:03]} Rd8 {[%clk 0:43:46]} 19. Ree1 {[%clk 0:26:12]} a6
{[%clk 0:43:01]} 20. b4 {[%clk 0:25:08]} Ba7 {[%clk 0:41:23]} 21. Qb3 {[%clk
0:23:40]} Bxf3 {[%clk 0:40:26]} 22. Nxf3 {[%clk 0:23:32]} a5 {[%clk 0:40:04]}
23. a3 {[%clk 0:22:59]} Bb6 {[%clk 0:37:50]} 24. Ra2 {[%clk 0:21:48]} Qd7
{[%clk 0:36:30]} 25. Rae2 {[%clk 0:20:55]} h6 {[%clk 0:35:38]} 26. Ne5 {[%clk
0:19:29]} Nxe5 {[%clk 0:35:20]} 27. Rxe5 {[%clk 0:19:13]} a4 {[%clk 0:34:50]}
28. Qa2 {[%clk 0:18:42]} Rff8 {[%clk 0:33:00]} 29. Be6 {[%clk 0:17:27]} Qc6
{[%clk 0:32:35]} 30. Qb2 {[%clk 0:16:56]} g6 {[%clk 0:29:24]} 31. d5 {[%clk
0:16:18]} Qd6 {[%clk 0:29:18]} 32. c4 {[%clk 0:15:54]} Kh7 {[%clk 0:28:14]} 33.
c5 {[%clk 0:15:41]} Bxc5 {[%clk 0:28:00]} 34. bxc5 {[%clk 0:15:34]} Qxc5 {[%clk
0:27:53]} 35. Bxf5 {[%clk 0:14:32]} Rxf5 {[%clk 0:26:59]} 36. Re7+ {[%clk
0:14:24]} 1-0

[Event "DVM U10 2017"]
[Site "Magdeburg GER"]
[Date "2017.12.28"]
[Round "4"]
[White "Malchereck, Zion"]
[Black "Adelmeyer, Nelly"]
[Result "0-1"]
[Termination "normal"]
[Board "4.3"]
[WhiteElo "1151"]
[BlackElo "1416"]
[WhiteClock "00:17:05"]
[BlackClock "00:28:28"]
[WhiteTeam "Hamburger SK 1"]
[BlackTeam "SV Roter Turm Halle 1"]
[PlyCount "120"]
[WhiteFideId "16269233"]
[BlackFideId "16203577"]
[EventCountry "GER"]
[EventRounds "7"]
[EventType "team-swiss"]
[EventDate "2017.12.27"]

1. e4 {[%clk 0:59:57]} c5 {[%clk 0:59:55]} 2. Nf3 {[%clk 0:59:50]} d6 {[%clk
0:59:50]} 3. d4 {[%clk 0:59:43]} cxd4 {[%clk 0:59:46]} 4. Nxd4 {[%clk 0:59:36]}
Nc6 {[%clk 0:59:41]} 5. Be3 {[%clk 0:58:46]} Nf6 {[%clk 0:59:33]} 6. Nc3 {[%clk
0:58:35]} g6 {[%clk 0:59:22]} 7. f3 {[%clk 0:58:15]} Bg7 {[%clk 0:59:08]} 8.
Bc4 {[%clk 0:58:05]} O-O {[%clk 0:58:40]} 9. Qd2 {[%clk 0:57:51]} Ne5 {[%clk
0:58:04]} 10. Bb3 {[%clk 0:57:06]} Qc7 {[%clk 0:57:23]} 11. O-O-O {[%clk
0:55:51]} Nc4 {[%clk 0:57:05]} 12. Bxc4 {[%clk 0:55:12]} Qxc4 {[%clk 0:56:56]}
13. Qd3 {[%clk 0:54:58]} Qxd3 {[%clk 0:54:38]} 14. Rxd3 {[%clk 0:53:58]} a6
{[%clk 0:54:04]} 15. h4 {[%clk 0:53:00]} Rd8 {[%clk 0:52:36]} 16. g4 {[%clk
0:51:59]} e5 {[%clk 0:51:58]} 17. Nb3 {[%clk 0:51:13]} Be6 {[%clk 0:51:41]} 18.
g5 {[%clk 0:50:19]} Nh5 {[%clk 0:51:15]} 19. Rhd1 {[%clk 0:48:40]} Bf8 {[%clk
0:49:24]} 20. Nc5 {[%clk 0:47:30]} Rab8 {[%clk 0:46:53]} 21. Nxe6 fxe6 {[%clk
0:46:43]} 22. Bc5 {[%clk 0:41:31]} Nf4 {[%clk 0:46:01]} 23. R3d2 {[%clk
0:41:01]} d5 {[%clk 0:40:44]} 24. Bxf8 {[%clk 0:40:40]} Kxf8 {[%clk 0:40:30]}
25. exd5 {[%clk 0:40:33]} exd5 {[%clk 0:40:22]} 26. Nxd5 {[%clk 0:40:15]} Ne6
{[%clk 0:38:08]} 27. Nf6 {[%clk 0:39:46]} Kg7 {[%clk 0:37:26]} 28. Rxd8 {[%clk
0:39:20]} Rxd8 {[%clk 0:36:51]} 29. Rxd8 {[%clk 0:38:01]} Nxd8 {[%clk 0:36:44]}
30. Nd7 {[%clk 0:37:53]} Ne6 {[%clk 0:35:49]} 31. Nxe5 {[%clk 0:36:01]} Nd4
{[%clk 0:35:44]} 32. Kd2 {[%clk 0:34:14]} Nf5 {[%clk 0:35:39]} 33. Ke2 {[%clk
0:32:45]} Nxh4 {[%clk 0:35:32]} 34. Ng4 {[%clk 0:31:57]} Ng2 {[%clk 0:34:44]}
35. b4 {[%clk 0:28:40]} Nf4+ {[%clk 0:34:34]} 36. Kd2 {[%clk 0:27:57]} Ne6
{[%clk 0:34:18]} 37. Ne5 {[%clk 0:27:32]} Nxg5 {[%clk 0:34:05]} 38. f4 {[%clk
0:27:26]} Ne6 {[%clk 0:33:57]} 39. Ke3 {[%clk 0:27:12]} Kf6 {[%clk 0:32:56]}
40. Ke4 {[%clk 0:26:43]} h5 {[%clk 0:32:11]} 41. Nf3 {[%clk 0:25:56]} g5 {[%clk
0:31:19]} 42. fxg5+ {[%clk 0:21:55]} Nxg5+ {[%clk 0:31:09]} 43. Nxg5 {[%clk
0:21:46]} Kxg5 {[%clk 0:31:05]} 44. Kf3 {[%clk 0:21:36]} Kh4 {[%clk 0:30:58]}
45. Kg2 {[%clk 0:21:12]} Kg4 {[%clk 0:30:53]} 46. c4 {[%clk 0:20:24]} Kf5
{[%clk 0:30:19]} 47. a3 {[%clk 0:19:48]} Ke5 {[%clk 0:30:14]} 48. b5 {[%clk
0:19:19]} axb5 {[%clk 0:30:09]} 49. cxb5 Kd5 {[%clk 0:30:04]} 50. Kh3 {[%clk
0:19:04]} Kc5 {[%clk 0:29:58]} 51. a4 {[%clk 0:19:01]} Kb4 {[%clk 0:29:51]} 52.
Kh4 {[%clk 0:19:00]} Kxa4 {[%clk 0:29:43]} 53. b6 {[%clk 0:18:57]} Kb5 {[%clk
0:29:38]} 54. Kxh5 {[%clk 0:18:56]} Kxb6 {[%clk 0:29:28]} 55. Kg4 {[%clk
0:18:55]} Kc5 {[%clk 0:29:12]} 56. Kf3 {[%clk 0:18:54]} Kc4 {[%clk 0:29:02]}
57. Ke2 {[%clk 0:17:59]} Kb3 {[%clk 0:28:57]} 58. Kd2 {[%clk 0:17:15]} b5
{[%clk 0:28:40]} 59. Kc1 {[%clk 0:17:09]} Ka2 {[%clk 0:28:36]} 60. Kc2 {[%clk
0:17:05]} b4 {[%clk 0:28:28]} 0-1